| Поле | Название | Значение |
| |
Тип записи |
a |
| |
Библиографический уровень |
m |
| 001 |
Контрольный номер |
186a02de7d3548dfb105cb1176fe8493 |
| 005 |
Дата корректировки |
20160204111104.6 |
| 010 |
Индекс ISBN |
__ |
| a |
ISBN |
978-5-394-01592-2 |
| d |
Цена |
335,00 |
| 101 |
Язык документа |
0_ |
| a |
Язык текста |
rus |
| 102 |
Страна публикации |
__ |
| a |
Страна публикации |
RU |
| 200 |
Заглавие и сведения об ответственности |
1_ |
| a |
Заглавие |
Товароведение и экспертиза пищевых жиров, молока и молочных продуктов |
| b |
Общее обозначение материала |
Текст |
| e |
Сведения, относящиеся к заглавию |
учебник |
| f |
Первые сведения об ответственности |
М. С. Касторных, В. А. Кузьмина, Ю. С. Пучкова и др.; под ред. М. С. Касторных |
| 205 |
Сведения об издании |
__ |
| a |
Основные сведения об издании |
5-е изд. |
| 210 |
Выходные данные |
1_ |
| a |
Место издания |
М. |
| c |
Издательство |
Издательско-торговая корпорация "Дашков и К" |
| d |
Дата издания |
2014 |
| 215 |
Физическое описание |
__ |
| a |
Объем |
328с. |
| 610 |
Ключевые слова |
0_ |
| a |
Ключевые слова |
товароведение |
| a |
Ключевые слова |
Товароведение продовольственных товаров |
| a |
Ключевые слова |
Товароведение пищевых жиров |
| 686 |
Индексы других классификаций |
__ |
| a |
Классификационный индекс |
30.609 |
| 700 |
Автор |
_1 |
| a |
Фамилия |
Касторных М. С. |
| 801 |
Источник записи |
_0 |
| a |
Страна |
RU |
| b |
Организация |
РУК |
| g |
Правила каталогизации |
PSBO |
| 801 |
Источник записи |
_1 |
| a |
Страна |
RU |
| b |
Организация |
РУК |
| g |
Правила каталогизации |
PSBO |
| 852 |
Данные о местонахождении |
__ |
| i |
Авторский знак |
К 28 |
| j |
Шифр хранения |
30.609 |
| b |
Сигла хранения |
ЧЗ_1 |
| t |
Номер экземпляра |
1 |
| p |
Инвентарный номер |
1800150254 |
| 901 |
Тип документа |
__ |
| t |
Тип документа |
m |
| 937 |
Технологическая информация |
__ |
| a |
Создатель записи (имя) |
Носкова |
| 938 |
Служебная информация |
__ |
| a |
Название организации |
Саранский филиал |
| 952 |
Тип литературы |
__ |
| b |
Гриф литературы для ВШ |
гриф УМО |
| c |
Вид литературы |
учебник |